000 00287nam a22001217a 4500
999 _c532985
_d532985
040 _cDLC
082 _a891.4393
_bMAN
100 _aManto, Sadat Hassan
_923903
245 _aMaae Jantay /
260 _aLahore:
_bSang-e-Meal Publications,
_c2009.
300 _a190 p, :
942 _2ddc
_cBK